[Event "Washington Class Championships"]
[Site "Seattle, WA"]
[Date "2015.11.28"]
[Round "4"]
[White "Lee Addison  (WA)"]
[Black "Kuhner Mary  (WA)"]
[Result "0-1"]
[WhiteElo "1825"]
[BlackElo "1924"]
[Annotator ""]
[Source ""]
[Remark "Class A"]

1.c4 e6 2.Nc3 f5 3.g3 Nf6 4.Bg2 c6 5.e3 d5 6.cxd5 exd5 7.d4 Bd6
8.Nge2 O-O 9.O-O Nbd7 10.Qc2 Nb6 11.f3 Be6 12.e4 fxe4 13.fxe4
Nxe4 14.Rxf8+ Qxf8 15.Nxe4 dxe4 16.Bxe4 h6 17.Nf4 Bxf4 18.Bxf4
Nd5 19.Bxd5 Bxd5 20.Qg6 Re8 21.Be5 Rxe5 22.Rf1 Qe8 23.Qd3 Re3
24.Qf5 Re2 25.Rf2 Re1+ 26.Rf1 Qe3+ 27.Qf2 Qxf2+ 28.Kxf2 Rxf1+
29.Kxf1 Bxa2 30.Ke2 Kf7 31.Ke3 Ke6 32.Ke4 Bb1+ 33.Kf4 Kd5 34.Ke3
a5 35.h4 b5 36.g4 g5 37.hxg5 hxg5 38.b3 a4 39.b4 a3 40.Kf3 a2
41.Kg2 a1Q 42.Kg3 Qxd4 43.Kh3 Be4 44.Kg3 Qe3+ 45.Kh2 Qf2+ 46.Kh3
Qg2# 0-1

[Event "Washington Class Championships"]
[Site "Seattle, WA"]
[Date "2015.11.28"]
[Round "4"]
[White "MacGregor Logan  (WA)"]
[Black "Tu Kevin  (WA)"]
[Result "0-1"]
[WhiteElo "1556"]
[BlackElo "1501"]
[Annotator ""]
[Source ""]
[Remark "Class C"]

1.e4 d6 2.d4 Nf6 3.Nc3 g6 4.Bc4 Bg7 5.Nge2 O-O 6.f3 Re8 7.Be3
Nbd7 8.Qd2 Nf8 9.O-O-O a6 10.g4 b5 11.Bd5 Rb8 12.e5 Nxd5 13.Nxd5
Bb7 14.Nb4 Bxf3 15.Rhf1 Bb7 16.Bh6 dxe5 17.Bxg7 Kxg7 18.Qc3 e6
19.dxe5 Qg5+ 20.Kb1 Re7 21.Nd4 Rc8 22.h4 Qxg4 23.h5 c5 24.Rg1
Qxh5 25.Qg3 cxd4 26.Rd2 Be4 27.Rh2 Qf3 28.Qh4 Rec7 29.Rf2 Bxc2+
30.Nxc2 Qc6 31.Qxd4 Qc5 32.Qf4 Qc4 33.Qf6+ Kg8 34.Rh1 Qe4 35.Re1
Qb7 36.Ref1 Rc5 37.Qf4 Qc7 38.Nb4
{Something happened here, but what is not clear.  The last two moves written
are 38. ... Rxa6  39. Rx (f4 or c4).  SInce these really cannot happen here,
something else must have happened first.  Oh, well.} 0-1

[Event "Washington Class Championships"]
[Site "Seattle, WA"]
[Date "2015.11.28"]
[Round "4"]
[White "Puri Ishaan  (WA)"]
[Black "Bonrud Neal  (WA)"]
[Result "1/2-1/2"]
[WhiteElo "1721"]
[BlackElo "1747"]
[Annotator ""]
[Source ""]
[Remark "Class B"]

1.e4 c5 2.Nf3 Nc6 3.d4 cxd4 4.Nxd4 e5 5.Nb5 d6 6.N1c3 a6 7.Na3
b5 8.Nd5 Nge7 9.Bg5 f6 10.Be3 Nxd5 11.exd5 Ne7 12.Bd3 Bb7 13.c4
bxc4 14.Bxc4 g6 15.O-O Bg7 16.Qb3 Qd7 17.Rac1 O-O 18.Rfd1 f5
19.Be2 Rfc8 20.Nc4 Qb5 21.Qxb5 axb5 22.Nxd6 Rxc1 23.Rxc1 Bxd5
24.Bg5 Nc6 25.Bxb5 Nd4 26.a3 h6 27.Be3 Nxb5 28.Nxb5 Rb8 29.Nc3
Be6 30.b4 Ra8 31.a4 e4 32.h3 Bxc3 33.Rxc3 Rxa4 34.b5 Ra1+ 35.Kh2
Rb1 36.b6 f4 37.Bd4 Rb4 38.Bc5 Rb5 39.Bd4 Bd5 1/2-1/2

[Event "Washington Class Championships"]
[Site "Seattle, WA"]
[Date "2015.11.28"]
[Round "4"]
[White "Armstrong Dominic  (WA)"]
[Black "Hendricks David  (WA)"]
[Result "1-0"]
[WhiteElo "1640"]
[BlackElo "1670"]
[Annotator ""]
[Source ""]
[Remark "Class B"]

1.d4 Nf6 2.c4 g6 3.Nc3 Bg7 4.e4 d6 5.Nf3 O-O 6.Be2 e5 7.O-O Nc6
8.d5 Ne7 9.Ne1 Nd7 10.Be3 f5 11.f3 f4 12.Bf2 g5 13.a4 a5 14.Nb5
h5 15.Nd3 b6 16.b4 Nf6 17.c5 Rf7 18.Rc1 Ng6 19.cxd6 cxd6 20.Rc6
Bf8 21.Bxb6 Qd7 22.Rc7 Qe8 23.Qc2 g4 24.Rc1 gxf3 25.Bxf3 Bg4
26.bxa5 Bxf3 27.gxf3 Nh4 28.Kf2 Kh8 29.Rxf7 Qxf7 30.Qc7 Qg6 31.Rg1
Nxe4+ 32.fxe4 Qxe4 33.Ne1 Qxd5 34.Qc2 Bh6 35.Nc7 Qb7 36.Nxa8
Qxa8 37.Qe2 Qe8 38.a6 e4 39.Bd4+ Kh7 40.Qb2 e3+ 41.Kf1 Bf8 42.Qb7+
Be7 43.Qxe7+ Qxe7 44.Rg7+ Kh6 45.Rxe7 1-0

[Event "Washington Class Championships"]
[Site "Seattle, WA"]
[Date "2015.11.28"]
[Round "4"]
[White "Sunku Charith  (WA)"]
[Black "Haining Karen  (WA)"]
[Result "0-1"]
[WhiteElo "1025"]
[BlackElo "1255"]
[Annotator ""]
[Source ""]
[Remark "Class D"]

1.e4 e5 2.Nf3 Nc6 3.Bc4 Nf6 4.d3 Bc5 5.c3 d6 6.Bb3 Bg4 7.Nbd2
O-O 8.Nf1 Bb6 9.Be3 d5 10.exd5 Nxd5 11.h3 Bh5 12.Ng3 Bg6 13.Qd2
Nxe3 14.fxe3 Qxd3 15.Qxd3 Bxd3 16.Rd1 Bg6 17.Ke2 Rad8 18.e4 Rfe8
19.h4 h6 20.h5 Bh7 21.Nh4 Kf8 22.Rhf1 f6 23.Nhf5 Rxd1 24.Kxd1
Bg8 25.Kc2 Bxb3+ 26.axb3 Nd8 27.Rd1 Ne6 28.Rd7 Rd8 29.Re7 Re8
30.Rxe8+ Kxe8 31.Ne2 Kf7 32.c4 Nc5 33.Nc3 Ba5 34.Ng3 Bxc3 35.bxc3
Ne6 36.Nf5 Nf4 37.g4 Nh3 38.Kd2 Nf2 39.Ke3 Nh3 40.b4 Ng5 41.Ng3
Ne6 42.Ne2 Ke7 43.Nc1 a6 44.c5 Kd7 45.Nb3 b6 46.cxb6 cxb6 47.c4
Kc6 48.Kd3 Kd6 49.Nc1 Nd4 50.Na2 a5 51.c5+ Kc6 52.bxa5 bxa5 53.Kc4
Ne6 54.Nc3 Nxc5 0-1

[Event "Washington Class Championships"]
[Site "Seattle, WA"]
[Date "2015.11.28"]
[Round "4"]
[White "Baxter Brent  (WA)"]
[Black "Ahluwalia Anshul  (WA)"]
[Result "1-0"]
[WhiteElo "1891"]
[BlackElo "1639"]
[Annotator ""]
[Source ""]
[Remark "Class A"]

1.b3 d5 2.Bb2 Nf6 3.e3 g6 4.c4 c6 5.Nf3 Bg7 6.d3 O-O 7.Be2 Nbd7
8.O-O Re8 9.Nbd2 e5 10.e4 dxe4 11.dxe4 Nc5 12.Qc2 Bg4 13.Rad1
Qc7 14.b4 Bxf3 15.Bxf3 Ne6 16.Nb3 Rad8 17.g3 c5 18.bxc5 Nxc5
19.Nxc5 Qxc5 20.Qe2 Rc8 21.Rc1 Nd7 22.Qd3 Nb6 23.Ba3 Qd4 24.Qxd4
exd4 25.c5 Na4 26.Bb4 Bf8 27.Rfd1 Red8 28.e5 Bxc5 29.Bxc5 Nxc5
30.Rc4 b6 31.Rcxd4 Rxd4 32.Rxd4 Re8 33.Rd5 Re7 34.Bg2 Na4 35.f4
Nc3 36.Rd2 Kg7 37.Kf2 h5 38.Ke3 Nb5 39.Rb2 Nc7 40.Bh3 Ne6 41.Ke4
Nc5+ 42.Kd5 Kf8 43.Re2 Nd3 44.Kd6 h4 45.Rc2 Re8 46.Rc7 hxg3 47.hxg3
Rd8+ 48.Bd7 a5 49.g4 Nxf4 50.Rb7 Nd3 51.Rxb6 Nxe5 52.Kxe5 Rxd7
53.Ra6 Re7+ 54.Kf6 {And the end follows in a time scramble.} 1-0

[Event "Washington Class Championships"]
[Site "Seattle, WA"]
[Date "2015.11.29"]
[Round "6"]
[White "Bashkansky Naomi (WA)"]
[Black "Bartron Paul  (WA)"]
[Result "1/2-1/2"]
[WhiteElo "1955"]
[BlackElo "2018"]
[Annotator ""]
[Source ""]
[Remark "Expert"]

1.d4 d5 2.c4 dxc4 3.e3 Nf6 4.Bxc4 e6 5.Nc3 a6 6.a4 c5 7.Nf3 Nc6
8.O-O Be7 9.Qd3 O-O 10.Rd1 Qc7 11.b3 Rd8 12.Qe2 cxd4 13.exd4
Na5 14.Bb2 Bd7 15.Rac1 Nxc4 16.bxc4 Rac8 17.Ne5 Bd6 18.f4 Bc6
19.Rd3 Bb4 20.g4 Bxc3 21.Bxc3 Ne4 22.Bb2 f6 23.Nxc6 Qxc6 24.d5
exd5 25.cxd5 Qb6+ 26.Kg2 Rxc1 27.Bxc1 Nc5 28.Re3 Qd6 29.Re8+
Kf7 30.Rxd8 Qxd8 31.Qc4 Qd6 32.Ba3 b6 33.a5 Qd7 34.f5 Qa4 35.Qxa4
Nxa4 36.Bb4 bxa5 37.Bxa5 Nc5 38.Bb4 Nd3 39.Bd6 Ne5 40.Kg3 a5
41.Kf4 a4 42.Ke4 Nxg4 43.Kd4 Nh6 44.Ke4 g6 45.fxg6+ hxg6 46.Kd3
Nf5 1/2-1/2

[Event "Washington Class Championships"]
[Site "Seattle, WA"]
[Date "2015.11.28"]
[Round "4"]
[White "He Samuel  (WA)"]
[Black "He Anthony  (WA)"]
[Result "1-0"]
[WhiteElo "2218"]
[BlackElo "2087"]
[Annotator ""]
[Source ""]
[Remark "Master"]

1.d4 Nf6 2.Nf3 g6 3.Bf4 Bg7 4.e3 d5 5.Be2 c5 6.c3 O-O 7.O-O Nbd7
8.Nbd2 b6 9.a4 Bb7 10.a5 Ne4 11.Qb3 Qc8 12.Rfd1 Bc6 13.Nxe4 dxe4
14.Nd2 e6 15.Nc4 Bd5 16.Qa4 Qc6 17.Qxc6 Bxc6 18.dxc5 bxc5 19.Na3
Be5 20.Bb5 Bxb5 21.Nxb5 Bxf4 22.Rxd7 a6 23.Na3 Bg5 24.Nc4 Rfd8
25.Rad1 Rxd7 26.Rxd7 Rd8 27.Rxd8+ Bxd8 28.Kf1 Be7 29.Ke2 Kf8
30.Kd2 Ke8 31.Kc2 f6 32.Kb3 Kd7 33.Nd2 f5 34.Kc4 Kc8 35.b4 cxb4
36.cxb4 Bd6 37.g3 e5 38.Nb1 Bb8 39.Nc3 Bc7 40.Kb3 h6 41.Ka4 Bd6
42.Kb3 Bb8 43.Kc4 Bc7 44.Na4 Bd6 45.h3 g5 46.g4 f4 47.Nc3 fxe3
48.fxe3 Bb8 49.Nxe4 Ba7 50.Nc5 e4 51.Nxe4 Bxe3 52.Nc5 Bd2 53.Nxa6
Be1 54.Nc5 Kc7 55.Kb5 Bc3 56.a6 Kb8 57.Kc4 Bd2 58.b5 Ka7 59.Na4
Be3 60.Kd5 Bf4 61.Kc6 Bg3 62.Nc5 Ka8 63.b6 h5 64.Ne6 h4 65.Nc7+
Bxc7 66.bxc7 Ka7 67.c8R Kxa6 68.Ra8# 1-0

[Event "Washington Class Championships"]
[Site "Seattle, WA"]
[Date "2015.11.28"]
[Round "4"]
[White "Dee Jimmy  (WA)"]
[Black "Mahajan Rushaan  (WA)"]
[Result "0-1"]
[WhiteElo "1053"]
[BlackElo "1486"]
[Annotator ""]
[Source ""]
[Remark "Class C"]

1.d4 Nf6 2.c4 g6 3.Nc3 d5 4.Bf4 Bg7 5.cxd5 Nxd5 6.e4 Nxc3 7.bxc3
c5 8.Nf3 Nc6 9.Qb3 cxd4 10.cxd4 Nxd4 11.Nxd4 Qxd4 12.Bb5+ Bd7
13.Bxd7+ Qxd7 14.Rd1 Qc6 15.Qd3 O-O 16.O-O e5 17.Be3 f5 18.Qd5+
Qxd5 19.exd5 b6 20.Bg5 Bf6 21.Bxf6 Rxf6 22.d6 Rd8 23.Rd5 Re6
24.Rfd1 Kf7 25.Kf1 Kf6 26.g3 e4 27.f4 exf3 28.Kf2 Re5 29.d7 Rxd5
30.Rxd5 Ke6 31.Rd3 Rxd7 32.Re3+ Kf6 33.Kxf3 Rd2 34.Re2 Rxe2 35.Kxe2
Ke5 36.Ke3 a5 37.a4 g5 38.h3 h5 39.h4 f4+ 40.Kf3 fxg3 41.hxg5
Kf5 42.Kxg3 Kxg5 43.Kf3 h4 44.Kg2 Kg4 45.Kh2 Kf4 46.Kh3 Ke4 47.Kxh4
Kd4 48.Kg3 Kc4 49.Kf2 Kb4 50.Ke2 Kxa4 51.Kd2 Kb3 52.Kc1 Ka2 53.Kc2
b5 0-1

[Event "Washington Class Championships"]
[Site "Seattle, WA"]
[Date "2015.11.28"]
[Round "4"]
[White "Barua Aniruddha  (WA)"]
[Black "Rigby Alden  (WA)"]
[Result "1-0"]
[WhiteElo "1184"]
[BlackElo "911"]
[Annotator ""]
[Source ""]
[Remark "Class E"]

1.e4 c5 2.Nf3 d6 3.Bb5+ Bd7 4.Bxd7+ Qxd7 5.O-O Nf6 6.d3 g6 7.c3
Bg7 8.Re1 O-O 9.Nbd2 Nc6 10.Nf1 Rab8 11.h3 b5 12.Bf4 b4 13.d4
bxc3 14.bxc3 Nh5 15.Be3 cxd4 16.cxd4 Qc7 17.Rc1 Qd7 18.Qa4 Ne5
19.Qxd7 Nxd7 20.Rc7 Rbd8 21.Rec1 a5 22.Ra7 Ra8 23.Rcc7 Rxa7 24.Rxa7
Nb6 25.N1d2 a4 26.d5 Rb8 27.Bxb6 Rxb6 28.Ra8+ Bf8 29.Rxa4 Nf4
30.Ra8 Rb2 31.a4 Ra2 32.a5 Ne2+ 33.Kh2 h5 34.Nc4 e6 35.dxe6 fxe6
36.Ng5 d5 37.exd5 exd5 38.Ne5 Kg7 39.Ne6+ Kf6 40.Nxf8 Kxe5 41.Nxg6+
Ke4 42.Re8+ Kd3 43.Re3+ Kc4 44.a6 Nc3 45.Ne5+ Kb3 46.Kg3 Rxa6
47.f4 d4 48.Rd3 Kc2 49.Kf3 Re6 50.Rxd4 Nb5 51.Rd8 Kc3 52.Ke4
Kb4 53.g4 Nc3+ 54.Kf5 hxg4 55.Kxe6 g3 56.Rg8 Ne4 57.f5 Kc3 58.f6
g2 59.f7 Nc5+ 60.Kd5 g1Q 61.Rxg1 1-0

[Event "Washington Class Championships"]
[Site "Seattle, WA"]
[Date "2015.11.28"]
[Round "4"]
[White "Smith Andrew M  (WA)"]
[Black "Tien Andy  (WA)"]
[Result "1-0"]
[WhiteElo "1243"]
[BlackElo "1185"]
[Annotator ""]
[Source ""]
[Remark "Class D"]

1.e4 c5 2.Nf3 g6 3.d4 cxd4 4.Nxd4 Bg7 5.Be3 Nc6 6.Nc3 Nf6 7.f3
d6 8.Qd2 O-O 9.g4 e5 10.Nb3 a6 11.O-O-O Be6 12.h4 h5 13.Bh6 a5
14.a4 Bxb3 15.cxb3 Nd4 16.Bc4 Rc8 17.Kb1 Nxf3 18.Qe3 Nxg4 19.Qxf3
Bxh6 20.Rhf1 Bf4 21.Qd3 Ne3 22.Qxd6 Qxd6 23.Rxd6 Nxf1 24.Bxf1
Bg3 25.Bc4 Kg7 26.Rd5 Rfe8 27.Rd7 Rf8 28.Rxb7 Bxh4 29.Rb5 Bg3
30.Rxa5 Rcd8 31.b4 h4 32.Bf1 Be1 33.Rd5 g5 34.Bh3 Kg6 35.Rxe5
Bxc3 36.bxc3 Rd3 37.Bf5+ Kf6 38.Kc2 Rfd8 39.Rc5 h3 40.Bxh3 Rxh3
41.Rd5 Re8 42.Rf5+ Kg6 43.a5 Rxe4 44.Rf2 g4 45.Kb3 Rf3 46.Rg2
g3 47.a6 Ree3 48.Kc4 Rxc3+ 49.Kb5 Rf2 50.a7 Ra3 51.Rxg3+ Rxg3
52.a8Q Rg5+ 53.Kb6 Rf6+ 54.Kc7 Kg7 55.Qb8 Rgg6 56.b5 Re6 57.Qd8
f5 58.Qd4+ Rgf6 59.Qg1+ Kf8 60.Qc5+ Re7+ 61.Kd8 Rff7 62.b6 1-0

[Event "Washington Class Championships"]
[Site "Seattle, WA"]
[Date "2015.11.29"]
[Round "5"]
[White "Borthwick Noah  (WA)"]
[Black "Velea Sophie  (WA)"]
[Result "0-1"]
[WhiteElo "632"]
[BlackElo "836"]
[Annotator ""]
[Source ""]
[Remark "Class E"]

1.e4 c5 2.Nf3 d6 3.d4 cxd4 4.Nxd4 Nf6 5.Nc3 g6 6.Bb5+ Bd7 7.f3
Bxb5 8.Ncxb5 Bg7 9.c3 O-O 10.Qa4 Nc6 11.Nxc6 bxc6 12.Nxa7 Qb6
13.Qxc6 Qxa7 14.Qc4 Qc5 15.Qxc5 dxc5 16.Be3 Rac8 17.O-O-O e5
18.g4 Rfe8 19.g5 Nh5 20.Rd5 Nf4 21.Bxc5 Nxd5 22.Bf2 Nf4 23.Kc2
Rc7 24.a4 Ra8 25.Ra1 Rc4 26.b3 Rc7 27.c4 Ne2 28.Kb2 Nd4 29.Be1
Rb7 30.b4 Nxf3 31.Kb3 Nxg5 32.b5 Nxe4 33.Bb4 Nf2 34.a5 e4 35.a6
Bxa1 36.axb7 0-1

[Event "Washington Class Championships"]
[Site "Seattle, WA"]
[Date "2015.11.27"]
[Round "1"]
[White "He Samuel  (WA)"]
[Black "Sherrard Jerry  (OR)"]
[Result "1-0"]
[WhiteElo "2218"]
[BlackElo "2066"]
[Annotator ""]
[Source ""]
[Remark "Master"]

1.Nf3 Nf6 2.d4 e6 3.Bf4 c5 4.e3 Qb6 5.Nc3 cxd4 6.exd4 d6 7.Bd3
Bd7 8.Rb1 a6 9.d5 e5 10.Be3 Qa5 11.Nd2 b5 12.h3 Qc7 13.a3 Bc8
14.f4 Nbd7 15.Nde4 Be7 16.O-O exf4 17.Bxf4 O-O 18.Bg5 Nxe4 19.Bxe7
Nxc3 20.bxc3 Qc5+ 21.Kh1 Bb7 22.Bxf8 Rxf8 23.c4 Ne5 24.cxb5 Qxd5
25.Rf2 Qc5 26.Re2 axb5 27.Rxb5 Qc8 28.Kh2 Qa8 29.Rb4 f5 30.Rh4
Qd8 31.Rb4 Qa8 32.Rf2 g6 33.Bc4+ d5 34.Rxb7 dxc4 35.Qd5+ Rf7
36.Rd7 Qxd5 37.Rxd5 Re7 38.Kg3 Nd7 39.Kf3 Nf6 40.Rd8+ Kf7 41.Re2
Ra7 42.Re3 Ra5 43.Rd4 Nd5 44.Re5 Rxa3+ 45.Kf2 Nf6 46.Rxc4 Ne4+
47.Rexe4 fxe4 48.Rxe4 Rc3 49.Re2 Kf6 50.Ke1 g5 51.Kd2 Rc8 52.g4
h5 53.gxh5 Rc4 54.Rf2+ Ke5 55.Rg2 Kf6 56.Rg4 Rc8 57.h4 gxh4 58.Rxh4
Kg5 59.Rh1 Rd8+ 60.Ke3 Re8+ 61.Kd4 Rd8+ 62.Ke5 Re8+ 63.Kd6 Rd8+
64.Ke7 Rh8 65.c4 Rh6 66.c5 Kf5 67.Kd7 Ke5 68.Ke7 Rh7+ 69.Kf8
Kf6 70.Rf1+ Ke6 71.Re1+ Kd5 72.Rh1 Ke6 73.c6 Kf6 74.Rf1+ Kg5
75.Ke8 Rxh5 76.c7 1-0

[Event "Washington Class Championships"]
[Site "Seattle, WA"]
[Date "2015.11.27"]
[Round "1"]
[White "Smolak Frederick  (WA)"]
[Black "Raffel Brian  (WA)"]
[Result "1-0"]
[WhiteElo "1389"]
[BlackElo "1538"]
[Annotator ""]
[Source ""]
[Remark "Class C"]

1.d4 Nf6 2.c4 g6 3.Nc3 Bg7 4.e4 d6 5.Nf3 O-O 6.Be2 e5 7.dxe5
dxe5 8.O-O Nbd7 9.Bg5 c6 10.Qc2 Qc7 11.Rfd1 Ne8 12.Be7 Nef6 13.Bxf8
Nxf8 14.b4 Ne6 15.b5 Nc5 16.Qd2 Bd7 17.Qd6 Qb6 18.bxc6 Ne8 19.cxb7
Rd8 20.Qxb6 axb6 21.Rab1 Rb8 22.Rxb6 f5 23.exf5 gxf5 24.Nd5 Kf8
25.Nb4 Ba4 26.Rd8 Rxd8 27.b8Q Rxb8 28.Rxb8 e4 29.Ng5 Be5 30.Rc8
Bd6 31.Nd5 Bd7 32.Ra8 Bc6 33.Ra3 h6 34.Nh3 Ne6 35.Rb3 Nd4 36.Rb2
Be5 37.Rd2 Ne6 38.Bd1 Nd6 39.Bb3 Nc5 40.Nhf4 Kg7 41.h3 Bb7 42.g4
fxg4 43.hxg4 Bc8 44.Nh5+ Kf7 45.Ne3 Kg6 46.Rd5 Nd3 47.f4 Bb7
48.fxe5 Bxd5 49.exd6 Be6 50.Ba4 Nc5 51.Nf4+ Kg5 52.Nxe6+ Nxe6
53.Kf2 Kf4 54.d7 Ke5 55.c5 1-0

[Event "Washington Class Championships"]
[Site "Seattle, WA"]
[Date "2015.11.27"]
[Round "1"]
[White "Pothukuchi Revanth  (WA)"]
[Black "Kou Jeffrey  (WA)"]
[Result "1-0"]
[WhiteElo "1516"]
[BlackElo "1355"]
[Annotator ""]
[Source ""]
[Remark "Class C"]

1.e4 e5 2.Nf3 Nf6 3.Nxe5 Bc5 4.d4 Bb6 5.Nc3 d6 6.Nc4 Nc6 7.Nxb6
axb6 8.Bc4 Bg4 9.f3 Bh5 10.Be3 Na5 11.Bd3 Qe7 12.O-O Nc6 13.a3
h6 14.Qe1 O-O 15.Qg3 Bg6 16.f4 Bxe4 17.Bxe4 Nxe4 18.Nxe4 Qxe4
19.c3 Ne7 20.Rae1 Qc2 21.Rf2 Qh7 22.Bc1 Nf5 23.Qf3 Rae8 24.Rxe8
Rxe8 25.Qxb7 Nh4 26.Qc6 Kf8 27.Qxc7 Qb1 28.Rf1 Qe4 29.Qxd6+ Kg8
30.Rf2 Qd3
{The remainder is unavailable, due to the recorder writing moves 61-76 on the
back of the scoresheet, rendering most of moves 31-46 illegible (the images
from the moves on the back doubling over on the moves from the front).  The end
result is that White delivered checkmate on move 76 in a Q vs. Q endgame.}
 1-0

[Event "Washington Class Championships"]
[Site "Seattle, WA"]
[Date "2015.11.27"]
[Round "2"]
[White "Mathews Daniel  (WA)"]
[Black "Deng Samuel  (WA)"]
[Result "1/2-1/2"]
[WhiteElo "1724"]
[BlackElo "1615"]
[Annotator ""]
[Source ""]
[Remark "Class B"]

1.e4 c6 2.d4 d5 3.exd5 cxd5 4.Nf3 Nf6 5.Bb5+ Bd7 6.Bxd7+ Nbxd7
7.Nc3 e6 8.O-O Bd6 9.Qe2 O-O 10.Bg5 a6 11.Ne5 Qb6 12.Bxf6 Nxf6
13.Qd3 Rfc8 14.Rab1 Qa5 15.a3 b5 16.Ne2 Qb6 17.Nf3 a5 18.Ng3
Rc7 19.c3 Rac8 20.Ng5 h6 21.Nh3 Rc4 22.f4 b4 23.axb4 axb4 24.Ne2
bxc3 25.bxc3 Qc7 26.Rf3 Ne4 27.Rb3 Qa5 28.Nf2 f5 29.Nd1 Qc7 1/2-1/2

[Event "Washington Class Championships"]
[Site "Seattle, WA"]
[Date "2015.11.27"]
[Round "2"]
[White "Munsey Michael  (WA)"]
[Black "Zhang Kyle  (WA)"]
[Result "0-1"]
[WhiteElo "1344"]
[BlackElo "1149"]
[Annotator ""]
[Source ""]
[Remark "Class D"]

1.d4 d5 2.c4 c6 3.Nc3 Nf6 4.cxd5 cxd5 5.Bg5 e6 6.e3 Nbd7 7.Nf3
Bd6 8.Bb5 O-O 9.O-O a6 10.Bxd7 Bxd7 11.Ne5 Rc8 12.Bxf6 gxf6 13.Nxd7
Qxd7 14.Qg4+ Kh8 15.Qh4 Be7 16.f4 Rg8 17.Rf3 Rg7 18.Rh3 Rcg8
19.g3 Qc7 20.Kf2 Bd8 21.g4 f5 22.Qh6 fxg4 23.Rh5 b5 24.Rg1 b4
25.Ne2 Qc2 26.h3 g3+ 27.Rxg3 Rxg3 28.e4 Rg2+ 0-1

[Event "Washington Class Championships"]
[Site "Seattle, WA"]
[Date "2015.11.27"]
[Round "2"]
[White "Humphrey David  (WA)"]
[Black "Hitchcock Brandon  (WA)"]
[Result "1-0"]
[WhiteElo "1204"]
[BlackElo "1223"]
[Annotator ""]
[Source ""]
[Remark "Class D"]

1.e4 e6 2.d4 d5 3.e5 c5 4.Be3 Qb6 5.b3 Nc6 6.Nf3 cxd4 7.Bxd4
Nxd4 8.Qxd4 Bc5 9.Qd2 Ne7 10.Bd3 Bd7 11.O-O Ng6 12.c3 a5 13.Qc2
O-O-O 14.Nbd2 Kb8 15.c4 dxc4 16.Nxc4 Qa7 17.Be4 Bb5 18.a4 Bc6
19.Bxc6 bxc6 20.Rad1 Qb7 21.Nxa5 1-0

[Event "Washington Class Championships"]
[Site "Seattle, WA"]
[Date "2015.11.27"]
[Round "2"]
[White "Wilke Daniel  (WA)"]
[Black "Smith Andrew M  (WA)"]
[Result "1-0"]
[WhiteElo "1360"]
[BlackElo "1243"]
[Annotator ""]
[Source ""]
[Remark "Class D"]

1.e4 c5 2.Nc3 g6 3.d4 cxd4 4.Qxd4 Nf6 5.e5 Nc6 6.Qf4 Nh5 7.Qe4
e6 8.Be2 Ng7 9.Nf3 Nf5 10.Bg5 Be7 11.Bxe7 Qxe7 12.O-O-O b6 13.Nb5
O-O 14.g4 Ng7 15.Nd6 f5 16.exf6 Rxf6 17.Bb5 Bb7 18.Nxb7 d5 19.Qa4
Rxf3 20.Bxc6 Qg5+ 21.Kb1 Rxf2 22.Nc5 Rc8 23.Qxa7 Qxg4 24.Nd3
Rxh2 25.Rhf1 Qe2 26.Qf7+ 1-0

[Event "Washington Class Championships"]
[Site "Seattle, WA"]
[Date "2015.11.27"]
[Round "2"]
[White "Haining Kyle  (WA)"]
[Black "Patterson Roger  (CAN)"]
[Result "1-0"]
[WhiteElo "2197"]
[BlackElo "2128"]
[Annotator ""]
[Source ""]
[Remark "Master"]

1.e4 c5 2.Nf3 d6 3.d4 cxd4 4.Nxd4 Nf6 5.Nc3 e6 6.Be3 a6 7.f4
Nc6 8.Qf3 Qc7 9.O-O-O Be7 10.g4 O-O 11.g5 Nd7 12.h4 b5 13.Bd3
Bb7 14.Kb1 Rac8 15.h5 Nxd4 16.Bxd4 e5 17.Be3 exf4 18.Bxf4 Ne5
19.Bxe5 dxe5 20.Qg4 f5 21.exf5 Bxh1 22.Rxh1 Rcd8 23.h6 Rxd3 24.hxg7
Rf7 25.cxd3 Qd7 26.g6 hxg6 27.Qh3 ( 27.Rh8+ Kxg7 28.Rh7+ Kxh7
29.fxg6+ Kh6 30.Qxd7 ) Rxg7 28.Qh8+ Kf7 29.fxg6+ Rxg6 30.Qh7+
Rg7 31.Rf1+ Bf6 32.Qe4 Rg5 {?} 33.Qh7+ Rg7 34.Qh5+ Kg8 35.Qf3
Be7 36.Nd5 {!} Qe6 37.Nxe7+ Qxe7 38.Qa8+ 1-0

[Event "Washington Class Championships"]
[Site "Seattle, WA"]
[Date "2015.11.27"]
[Round "2"]
[White "Piper August  (WA)"]
[Black "Dee Jimmy  (WA)"]
[Result "1-0"]
[WhiteElo "1500"]
[BlackElo "1053"]
[Annotator ""]
[Source ""]
[Remark "Class C"]

1.g3 d5 2.Nf3 c5 3.c4 d4 4.Bg2 Nc6 5.d3 Nf6 6.O-O e5 7.e3 Bd6
8.exd4 Nxd4 9.Nxd4 exd4 10.Re1+ Be7 11.Qe2 Be6 12.Bxb7 Rb8 13.Bc6+
Nd7 14.Bf4 Rb6 15.Bg2 O-O 16.b3 Bg5 17.Qf3 Bxf4 18.Qxf4 Qf6 19.Qxf6
Nxf6 20.Nd2 Bf5 21.Ne4 Nxe4 22.Bxe4 Bh3 23.Re2 Re6 24.Rae1 Rfe8
25.f4 Bg4 26.Rf2 f5 27.Bd5 Kf7 28.Bxe6+ Rxe6 29.Rxe6 Kxe6 30.Kg2
h6 31.h3 Bh5 32.Rf1 Kd6 33.Re1 a5 34.Re5 Bg6 35.Kf2 Bh7 36.Ke2
g6 37.Re8 Kc6 38.Rh8 1-0

[Event "Washington Class Championships"]
[Site "Seattle, WA"]
[Date "2015.11.29"]
[Round "5"]
[White "Setiadikurnia Sloan  (WA)"]
[Black "Soetedjo James  (WA)"]
[Result "1-0"]
[WhiteElo "1938"]
[BlackElo "1880"]
[Annotator ""]
[Source ""]
[Remark "Expert"]

1.e4 c5 2.Nc3 Nc6 3.f4 d6 4.Nf3 Nf6 5.Bb5 Qc7 6.h3 Bd7 7.O-O
e6 8.d3 Be7 9.Bc4 a6 10.a4 O-O 11.Qe1 Nd4 12.Qf2 Nxf3+ 13.Qxf3
Rab8 14.a5 Rbd8 15.g4 g6 16.f5 exf5 17.g5 fxe4 18.dxe4 Be6 19.gxf6
Bxc4 20.fxe7 Qxe7 21.Bh6 Bxf1 22.Bxf8 Qg5+ 23.Kxf1 Rxf8 24.Ke2
Qe5 25.Rf1 f5 26.Kd1 c4 27.Qe2 Qd4+ 28.Qd2 Qf6 29.Qd5+ Kh8 30.exf5
gxf5 31.Qxc4 1-0

[Event "Washington Class Championships"]
[Site "Seattle, WA"]
[Date "2015.11.27"]
[Round "2"]
[White "MacGregor Logan  (WA)"]
[Black "Chin Eugene  (WA)"]
[Result "1-0"]
[WhiteElo "1556"]
[BlackElo "1498"]
[Annotator ""]
[Source ""]
[Remark "Class C"]

1.e4 e6 2.d4 d5 3.Nc3 Nf6 4.Bg5 Be7 5.Bd3 dxe4 6.Nxe4 Nxe4 7.Bxe7
Qxe7 8.Bxe4 Qb4+ 9.Qd2 Qxb2 10.Rc1 Qxa2 11.Nf3 f5 12.Bd3 O-O
13.O-O Nc6 14.Ra1 Qd5 15.c4 Qd6 16.Qc3 b6 17.Rfe1 Bb7 18.d5 exd5
19.cxd5 Ne7 20.Bc4 Kh8 21.Ng5 Nxd5 22.Qh3 Qg6 23.Ne6 Rf7 24.Bxd5
Bxd5 25.Nf4 Qc6 26.Rac1 Qb7 {?} ( 26...Qd6 ) 27.Re5 Rd8 28.Rce1
Bc6 29.Re6 h6 {??} 30.Rxh6+ gxh6 31.Qxh6+ Kg8 32.Qg5+ Rg7 33.Qxd8+
Kh7 34.Re3 Rd7 35.Qh4+ Kg7 36.Qg5+ Kf8 37.Ng6+ Kf7 38.Qxf5+ Kg7
39.Qf8+ Kh7 40.Rh3+ Kxg6 41.Rg3+ Kh7 42.Qg8+ Kh6 43.Qg6# 1-0

[Event "Washington Class Championships"]
[Site "Seattle, WA"]
[Date "2015.11.27"]
[Round "2"]
[White "Le Blanc Paul  (CAN)"]
[Black "Petrov Oscar  (WA)"]
[Result "1-0"]
[WhiteElo "1901"]
[BlackElo "1762"]
[Annotator ""]
[Source ""]
[Remark "Class A"]

1.d4 d5 2.c4 e6 3.Nf3 Nf6 4.g3 h6 5.Bg2 Nbd7 6.O-O Be7 7.b3 O-O
8.Nbd2 b6 9.Bb2 Bb7 10.e3 Rc8 11.Qe2 c5 12.Ne5 Nxe5 13.dxe5 Nd7
14.f4 f5 15.Rfd1 Ba6 16.Qh5 Nb8 17.Qg6 Rc6 18.Nb1 Bb7 19.Nc3
Re8 20.Qh5 d4 21.exd4 cxd4 22.Nb5 Bc5 23.Bxd4 Bxd4+ 24.Rxd4 Qe7
25.Nd6 Rd8 26.Rad1 Rdc8 27.Qg6 Rf8 28.Nxb7 Qxb7 29.Rd6 Rxd6 30.Rxd6
Qc7 31.Qxe6+ Kh8 32.Qd5 Na6 33.e6 Nb4 34.Qd2 Qc5+ 35.Kh1 Na6
36.Qd4 Qa5 37.Qd2 Qc5 38.Rd7 Re8 39.Qc3 Re7 40.Rxe7 Qxe7 41.Qe5
Qa3 42.Qe1 Qe7 43.Bd5 Nc5 44.Qe5 Kg8 45.Qxf5 Nb7 46.Be4 g5 47.Qg6+ 1-0

[Event "Washington Class Championships"]
[Site "Seattle, WA"]
[Date "2015.11.27"]
[Round "2"]
[White "Zhang Eric  (WA)"]
[Black "Kuhner Mary  (WA)"]
[Result "0-1"]
[WhiteElo "1795"]
[BlackElo "1924"]
[Annotator ""]
[Source ""]
[Remark "Class A"]

1.d4 e6 2.c4 f5 3.Nc3 Nf6 4.Nf3 Bb4 5.Qb3 Bxc3+ 6.Qxc3 O-O 7.Bg5
d6 8.e3 Qe8 9.Bxf6 Rxf6 10.Be2 Nd7 11.O-O e5 12.Rfe1 e4 13.Nd2
c6 14.b4 d5 15.Qb3 Nb6 16.c5 Nd7 17.b5 Kh8 18.bxc6 bxc6 19.Qa4
Qg6 20.Nf1 f4 21.exf4 Rxf4 22.Ng3 Nf8 23.Qa5 Ne6 24.Rab1 Qf7
25.Rf1 Nxd4 26.Qa4 Nxe2+ 27.Nxe2 Rf6 28.Rb6 Rg6 29.Rfb1 Qf3 30.Ng3
Qf4 31.R6b4 Bg4 32.Qxa7 Rf8 33.R4b2 h5 34.Rb8 Qxf2+ 35.Kh1 Rgf6
36.Rxf8+ Rxf8 37.Qe7 Rf6 38.h3 Qxg3 39.Qe8+ Kh7 40.hxg4 hxg4
41.Qb8 Rh6+ 42.Kg1 Qe3+ 0-1